| 000 | 00573nam a2200193Ia 4500 | ||
|---|---|---|---|
| 008 | 151121s9999||||xx |||||||||||||| ||und|| | ||
| 082 | _a832/ब्रज | ||
| 082 | _bHNW-44738 | ||
| 100 | _aभूषण ब्रज | ||
| 245 | _aअनदेखे चेहरे | ||
| 260 | _b"किताबघर, दिल्ली।" | ||
| 260 | _c-- | ||
| 300 | _a151 | ||
| 600 | _aभूषण ब्रज | ||
| 630 | _aअनदेखे चेहरे | ||
| 700 | _aभूषण ब्रज | ||
| 730 | _aअनदेखे चेहरे | ||
| 942 | _cBOOK | ||
| 999 |
_c1232202 _d1232199 |
||